| 000 -LEADER |
| fixed length control field |
01280cam a22003254a 4500 |
| 001 - CONTROL NUMBER |
| control field |
12326935 |
| 003 - CONTROL NUMBER IDENTIFIER |
| control field |
OSt |
| 005 - DATE AND TIME OF LATEST TRANSACTION |
| control field |
20170105113047.0 |
| 008 - FIXED-LENGTH DATA ELEMENTS--GENERAL INFORMATION |
| fixed length control field |
010226s2001 flua bf 001 0 eng |
| 010 ## - LIBRARY OF CONGRESS CONTROL NUMBER |
| LC control number |
2001088071 |
| 020 ## - INTERNATIONAL STANDARD BOOK NUMBER |
| International Standard Book Number |
0912035153 (Laser Inst.) |
| 020 ## - INTERNATIONAL STANDARD BOOK NUMBER |
| International Standard Book Number |
0941463028 (Magnolia Pub.) |
| 040 ## - CATALOGING SOURCE |
| Original cataloging agency |
DLC |
| Transcribing agency |
DLC |
| Modifying agency |
DLC |
| 042 ## - AUTHENTICATION CODE |
| Authentication code |
pcc |
| 050 00 - LIBRARY OF CONGRESS CALL NUMBER |
| Classification number |
TA1675 |
| Item number |
.L53 2001 |
| 082 00 - DEWEY DECIMAL CLASSIFICATION NUMBER |
| Classification number |
621.36/6 |
| Edition number |
22 |
| 245 00 - TITLE STATEMENT |
| Title |
LIA handbook of laser materials processing / |
| Statement of responsibility, etc. |
editor in chief, John F. Ready ; associate editor, Dave F. Farson. |
| 246 3# - VARYING FORM OF TITLE |
| Title proper/short title |
Laser Institute of America handbook of laser materials processing |
| 246 30 - VARYING FORM OF TITLE |
| Title proper/short title |
Handbook of laser materials processing |
| 260 ## - PUBLICATION, DISTRIBUTION, ETC. |
| Place of publication, distribution, etc. |
[Orlando, FL] : |
| Name of publisher, distributor, etc. |
Laser Institute of America ; |
| Place of publication, distribution, etc. |
[United States?] : |
| Name of publisher, distributor, etc. |
Magnolia Pub., |
| Date of publication, distribution, etc. |
c2001. |
| 300 ## - PHYSICAL DESCRIPTION |
| Extent |
xxv, 715 p. : |
| Other physical details |
ill. ; |
| Dimensions |
29 cm. |
| 504 ## - BIBLIOGRAPHY, ETC. NOTE |
| Bibliography, etc. note |
Includes bibliographical references and index. |
| 650 #0 - SUBJECT ADDED ENTRY--TOPICAL TERM |
| Topical term or geographic name entry element |
Lasers |
| General subdivision |
Industrial applications |
| Form subdivision |
Handbooks, manuals, etc. |
| 700 1# - ADDED ENTRY--PERSONAL NAME |
| Personal name |
Ready, John F., |
| Dates associated with a name |
1932- |
| 700 1# - ADDED ENTRY--PERSONAL NAME |
| Personal name |
Farson, Dave F. |
| 710 2# - ADDED ENTRY--CORPORATE NAME |
| Corporate name or jurisdiction name as entry element |
Laser Institute of America. |
| 906 ## - LOCAL DATA ELEMENT F, LDF (RLIN) |
| a |
7 |
| b |
cbc |
| c |
orignew |
| d |
2 |
| e |
epcn |
| f |
20 |
| g |
y-gencatlg |
| 942 ## - ADDED ENTRY ELEMENTS (KOHA) |
| Source of classification or shelving scheme |
|
| Koha item type |
Book |